Fundamental Accounting for Business: (Record no. 7579)
[ view plain ]
| 000 -LEADER | |
|---|---|
| fixed length control field | 00468nam a22001697a 4500 |
| 003 - CONTROL NUMBER IDENTIFIER | |
| control field | OSt |
| 005 - DATE AND TIME OF LATEST TRANSACTION | |
| control field | 20211208170155.0 |
| 008 - FIXED-LENGTH DATA ELEMENTS--GENERAL INFORMATION | |
| fixed length control field | 211208b ||||| |||| 00| 0 eng d |
| 040 ## - CATALOGING SOURCE | |
| Transcribing agency | ddc |
| 082 ## - DEWEY DECIMAL CLASSIFICATION NUMBER | |
| Classification number | 657 OMU 1999 |
| 100 ## - MAIN ENTRY--PERSONAL NAME | |
| Personal name | Omonuk, Joseph Ben |
| 9 (RLIN) | 15502 |
| 245 ## - TITLE STATEMENT | |
| Title | Fundamental Accounting for Business: |
| Remainder of title | Practical Emphasis. |
| 260 ## - PUBLICATION, DISTRIBUTION, ETC. (IMPRINT) | |
| Place of publication, distribution, etc. | Makerere: |
| Name of publisher, distributor, etc. | Joseph Ben Omonuk; |
| Date of publication, distribution, etc. | c1999 |
| 300 ## - PHYSICAL DESCRIPTION | |
| Extent | iii,334p. |
| 650 ## - SUBJECT ADDED ENTRY--TOPICAL TERM | |
| Topical term or geographic name as entry element | Fundamental Accounting. |
| 9 (RLIN) | 15503 |
| 942 ## - ADDED ENTRY ELEMENTS (KOHA) | |
| Source of classification or shelving scheme | Dewey Decimal Classification |
| Koha item type | Book |
| Withdrawn status | Lost status | Source of classification or shelving scheme | Damaged status | Not for loan | Home library | Current library | Date acquired | Source of acquisition | Inventory number | Total Checkouts | Full call number | Barcode | Date last seen | Price effective from | Koha item type |
|---|---|---|---|---|---|---|---|---|---|---|---|---|---|---|---|
| Dewey Decimal Classification | Faculty of Management Science Library | Faculty of Management Science Library | 08/12/2021 | Purchase | 08/3214 | 657 OMU 1999 | 2021-2100 | 08/12/2021 | 08/12/2021 | Book | |||||
| Dewey Decimal Classification | Faculty of Management Science Library | Faculty of Management Science Library | 08/12/2021 | Purchase | 08/3300 | 657 OMU 1999 | 2021-2101 | 08/12/2021 | 08/12/2021 | Book |
